000 00721nam a2200157 4500
999 _c16444
_d16444
008 220207b ||||| |||| 00| 0 eng d
022 _a0893-8989
082 _aDPer 363.205 P75 Sept 2013-May 2016 v. 37 & 40, n. 9-11/1-5
100 _aMeyer, Greg.
_943871
245 _aA revolution in use-of-force policy and training?:
_bthe police executive research forum's controversial use-of-force guidelines triggered opposing response from officers and organizations/
_cGreg Meyer.
260 _aCalifornia:
_bBobit Business Media,
_c©Sept 2013-May 2016.
300 _av40 n3, pages 26-31;
_billustrations:
_c27 cm.
500 _aPolice: the law enforcement.
650 _aLaw enforcement
_xTraining.
_943834
942 _2ddc
_cPER